LSU Football: Top 10 All-Time Leaders - Statistics

General Stats
  • This quiz has been taken 193 times
    51 since last reset
  • The average score is 14 of 60
Answer Stats
Category # Player Amount % Correct
Passing Yards 2 Joe Burrow 8,565
100%
Receiving Yards 7 Justin Jefferson 2,415
97%
Passing Yards 5 Jayden Daniels 6,725
92%
Passing Yards 10 Jordan Jefferson 4,733
92%
Rushing Yards 4 Leonard Fournette 3,830
69%
Receiving Yards 1 Malik Nabers 3,003
62%
Receiving Yards 9 Odell Beckham, Jr. 2,340
51%
Tackles T7 LaRon Landry 315
49%
Interceptions T3 LaRon Landry 12
49%
Rushing Yards 5 Derrius Guice 3,074
46%
Passing Yards 3 Garrett Nussmeier 7,185
46%
Passing Yards 6 JaMarcus Russell 6,625
46%
Passing Yards 9 Zach Mettenberger 5,783
41%
Tackles 6 Lyman White 316
38%
Interceptions 1 Chris Williams 20
33%
Rushing Yards 6 Harvey Williams 2,860
33%
Tackles 3 Lawrence Williams 386
33%
Receiving Yards 3 Wendell Davis 2,708
26%
Receiving Yards 2 Josh Reed 3,001
23%
Passing Yards 1 Tommy Hodson 9,115
23%
Rushing Yards 3 Charles Alexander 4,035
21%
Rushing Yards 1 Kevin Faulk 4,557
21%
Receiving Yards 8 Dwayne Bowe 2,403
18%
Sacks T3 Arden Key 21.0
15%
Interceptions 2 Corey Webster 16
13%
Interceptions T6 Greg Jackson 11
13%
Passing Yards 7 Jamie Howard 6,158
13%
Tackles T7 Ryan Clark 315
13%
Receiving Yards 10 Tony Moss 2,196
13%
Tackles 2 Bradie James 418
10%
Receiving Yards 6 Brandon LaFell 2,517
10%
Rushing Yards 2 Dalton Hilliard 4,050
10%
Sacks T5 Jarvis Green 20.0
10%
Tackles 9 Kelvin Sheppard 311
10%
Receiving Yards 5 Michael Clayton 2,582
10%
Interceptions T6 Tory James 11
10%
Interceptions T6 Craig Steltz 11
8%
Receiving Yards 4 Eric Martin 2,625
8%
Passing Yards 8 Herb Tyler 5,876
8%
Rushing Yards 7 Joseph Addai 2,576
8%
Sacks T7 Marcus Spears 19.0
8%
Sacks T10 Michael Brooks 18.0
8%
Rushing Yards 10 Rondell Mealy 2,238
8%
Rushing Yards 9 Charles Scott 2,317
5%
Passing Yards 4 Jeff Wickersham 6,921
5%
Interceptions T6 Morris Claiborne 11
5%
Sacks 2 Ron Sancho 23.0
5%
Sacks 1 Rydell Melancon 25.0
5%
Sacks T7 Sam Montgomery 19.0
5%
Tackles 1 Al Richardson 452
3%
Interceptions T3 Charles Oakley 12
3%
Sacks T7 Chuck Wiley 19.0
3%
Interceptions T3 Craig Burns 12
3%
Sacks T3 Gabe Northern 21.0
3%
Sacks T10 James Gillyard 18.0
3%
Sacks T5 Melvin Oliver 20.0
3%
Tackles 5 Shawn Burks 336
3%
Tackles 4 Steve Cassidy 346
3%
Rushing Yards 8 Terry Robiskie 2,517
3%
Tackles 10 Toby Caston 305
3%
No matching quizzes found
Score Distribution
Percent of People with Each Score
Percentile by Number Answered
Your Score History
You have not taken this quiz since the last reset